Atatürkçülüğün esasları (Record no. 7324)

MARC details
000 -BAŞLIK
Sabit Uzunlukta Kontrol Alanı 00672na a2200241 4500
001 - KONTROL NUMARASI
Denetim Alanı 14078
003 - KONTROL NUMARASI IDENTIFIER
Denetim Alanı MIRAKIL
005 - SON İŞLEM TARİHİ VE ZAMANI
Denetim Alanı 20181213155135.0
008 - SABİT-BOY VERİ ELEMANLARI - GENEL BİLGİLER
Sabit Uzunlukta Kontrol Alanı 161108b tu 000 0
020 ## - ULUSLARARASI STANDART KİTAP NUMARASI
Uluslararası Standart Kitap Numarası 9759458713
035 ## - SİSTEM KONTROL NUMARASI
Sistem Kontrol Numarası 14078
040 ## - KATALOGLAMA KAYNAK
Orijinal Kataloglama Ajansı Milas
Kataloglama Dili tur
Metne Dönüştürmek Ajansı TR-AnCHP
041 ## - DİL KODU
Metin / Ses Parça Veya Ayrı Başlığın Dil Kodu tur
082 ## - DEWEY ONLU SINIFLANDIRMA NUMARASI
Sınıflandırma Numarası ATA 956.1024
Ürün Numarası Y27a 1998
090 ## - SINIFLAMA NUMARASI
Sınıflama Numarası ATA 956.1024 Y27a 1998
245 ## - BAŞLIK TABLOSU
Başlık Atatürkçülüğün esasları
Sorumluluk Tablosu, Vb hazırlayan Dursun Yaşa
260 ## - YAYIN, DAĞITIM, VB
Yayın, Dağıtım, Vb Yeri Ankara
Yayıncı, Dağıtıcı, Vs Adı [yayl.y.]
Yayın, Dağıtım, Vb Tarihi 1998
300 ## - FİZİKSEL TANIM
Kapsam 167 s.
Boyutlar 18 sm.
600 ## - KONU KATMA GİRİŞ - KURUMSAL ADI
Kişisel Ad Atatürk, Mustafa Kemal
Bir Adıyla İlişkilendirilen Tarihler 1881-1938
Genel Alt Bölümü Atatürk devrimleri
650 ## - KONU KATMA GİRİŞ - TOPİKAL DÖNEM
Topikal Süreli Veya Coğrafi Ad Giriş Elemanı Atatürkçülük
Genel Alt Bölümü İlkeler
700 ## - KATMA GİRİŞ - KİŞİSEL İSİM
Kişisel Ad Yaşa, Dursun
942 ## - EKLENDİ GİRİŞ ELEMANLARI (KOHA)
Sınıflandırma Veya Raf Düzeni Kaynak Dewey Decimal Classification
Koha Öğesi Türü Books
999 ## - SİSTEM KONTROL NUMARALARI (KOHA)
Koha Biblionumber 7324
Koha Biblioitemnumber 7324
Holdings
Kalıcı Konum Mevcut Konum Edinme Tarihi Edinim Kaynak Toplam Check-Out'Lar Tam Çağrı Numarası Barkod Tarih Son Görülme İtibaren Geçerli Fiyatlar Koha Öğesi Türü Kopya Sayısı
CHP Kütüphanesi CHP Kütüphanesi 08/23/2016 Bağış   ATA 956.1024 Y27a 1998 001799 08/23/2016 08/23/2016 Books  
CHP Kütüphanesi CHP Kütüphanesi 08/23/2016 Bağış   ATA 956.1024 Y27a 1998 002100 08/23/2016 08/23/2016 Books k.2
CHP Kütüphanesi CHP Kütüphanesi 08/23/2016 Bağış   ATA 956.1024 Y27a 1998 002101 08/23/2016 08/23/2016 Books k.3
CHP Kütüphanesi CHP Kütüphanesi 08/23/2016 Bağış   ATA 956.1024 Y27a 1998 002102 08/23/2016 08/23/2016 Books k.4
CHP Kütüphanesi CHP Kütüphanesi 08/23/2016 Bağış   ATA 956.1024 Y27a 1998 002103 08/23/2016 08/23/2016 Books k.5
CHP Kütüphanesi CHP Kütüphanesi 08/25/2016 Bağış   ATA 956.1024 Y27a 1998 002136 08/25/2016 08/25/2016 Books k.6